000 00698nam a2200217Ii 4500
003 JO-AjNU
008 230606s9999||||xx |||||||||||||| ||und||
020 _a0-273-62376-1
040 _aJO-AjNU
_beng
_erda
_cJO-AjNU
041 _aeng
050 1 4 _aHF5686.I56.R63 1998
100 3 _aRoberts,Clare / Weetman,Pauline / Gordon,Paul,
_eauthor
_93335
245 0 0 _aInternational Financial Accounting : A Comparative Approach
250 _a1 ed
264 3 1 _aLondon: Financial Times Management, 1998
300 _a702p
_b Includes indexes(p688-702)
336 _atext
_btxt
_2rdacontent
337 _aunmediated
_bn
_2rdamedia
338 _avolume
_bnc
_2rdacarrier
650 4 _aAccounting
_93336
999 _aE1743
_c1743
_d1743